| 000 | 00000nam 2200000za 4500 |
| 001 | 9.699543 |
| 003 | CaOODSP |
| 005 | 20210625000428 |
| 007 | cr ||||||||||| |
| 008 | 150407s2014 onc o f000 0 eng d |
| 020 | |a9781100246758 |
| 040 | |aCaOODSP|beng |
| 043 | |an-cn--- |
| 086 | 1 |aA118-10/33-2014E-PDF |
| 110 | 1 |aCanada.|bAgriculture and Agri-Food Canada. |bPest Management Centre. |
| 245 | 10|aCrop profile for brassica vegetables in Canada, 2012 / |h[electronic resource]|cprepared by: Pesticide Risk Reduction Program. |
| 250 | |aSecond Edition |
| 260 | |aOttawa - Ontario : |bAgriculture and Agri-Food Canada. |cc2014. |
| 300 | |a70p.|bmap, references, tables |
| 590 | |a14-29|b2014-07-18 |
| 775 | 08|tProfil des cultures du Crucifères au Canada, 2012 / |w(CaOODSP)9.643491 |
| 794 | |tCrop profile for brassica vegetables in Canada, 2015 |bThird edition|w(CaOODSP)9.856278 |
| 856 | 40|qPDF|s1.47 MB|uhttps://publications.gc.ca/collections/collection_2014/aac-aafc/A118-10-33-2014-eng.pdf |
| 986 | |aAAFC No.: 12212E |